<?xml version="1.0" encoding="UTF-8"?>
<record
    xmlns:xsi="http://www.w3.org/2001/XMLSchema-instance"
    xsi:schemaLocation="http://www.loc.gov/MARC21/slim http://www.loc.gov/standards/marcxml/schema/MARC21slim.xsd"
    xmlns="http://www.loc.gov/MARC21/slim">

  <leader>01072cam a22003255a 4500</leader>
  <controlfield tag="001">15947307</controlfield>
  <controlfield tag="003">OSt</controlfield>
  <controlfield tag="005">20140310182855.0</controlfield>
  <controlfield tag="008">091016s2007    ph a     b    001 0 eng  </controlfield>
  <datafield tag="010" ind1=" " ind2=" ">
    <subfield code="a">  2009316997</subfield>
  </datafield>
  <datafield tag="020" ind1=" " ind2=" ">
    <subfield code="a">9789719372714</subfield>
  </datafield>
  <datafield tag="040" ind1=" " ind2=" ">
    <subfield code="a">DLC</subfield>
    <subfield code="c">DLC</subfield>
    <subfield code="d">DLC</subfield>
  </datafield>
  <datafield tag="042" ind1=" " ind2=" ">
    <subfield code="a">lcode</subfield>
  </datafield>
  <datafield tag="043" ind1=" " ind2=" ">
    <subfield code="a">a-ph---</subfield>
  </datafield>
  <datafield tag="050" ind1=" " ind2=" ">
    <subfield code="a">JQ 1498</subfield>
    <subfield code="b">.C932 2007</subfield>
  </datafield>
  <datafield tag="082" ind1=" " ind2=" ">
    <subfield code="a">FIL 324.2599</subfield>
    <subfield code="b">C86 2007</subfield>
  </datafield>
  <datafield tag="100" ind1="1" ind2=" ">
    <subfield code="a">Crisanto, Carmelo A.</subfield>
  </datafield>
  <datafield tag="245" ind1="1" ind2="0">
    <subfield code="a">Building the nation :</subfield>
    <subfield code="b">first 100 years : Nacionalista Party, 1907-2007 /</subfield>
    <subfield code="c">Crisanto, Carmelo A., Joyce M. Crisanto.</subfield>
  </datafield>
  <datafield tag="260" ind1=" " ind2=" ">
    <subfield code="a">[Las Pi&#xF1;as City] :</subfield>
    <subfield code="b">Villar Foundation,</subfield>
    <subfield code="c">2007.</subfield>
  </datafield>
  <datafield tag="300" ind1=" " ind2=" ">
    <subfield code="a">xii, 215 p. :</subfield>
    <subfield code="b">ill. ;</subfield>
    <subfield code="c">27 cm.</subfield>
  </datafield>
  <datafield tag="504" ind1=" " ind2=" ">
    <subfield code="a">Includes bibliographical references (p. 195-205) and index.</subfield>
  </datafield>
  <datafield tag="521" ind1=" " ind2=" ">
    <subfield code="a">College Students</subfield>
  </datafield>
  <datafield tag="526" ind1=" " ind2=" ">
    <subfield code="c">1210L to 1700L</subfield>
  </datafield>
  <datafield tag="541" ind1=" " ind2=" ">
    <subfield code="j">1</subfield>
  </datafield>
  <datafield tag="562" ind1=" " ind2=" ">
    <subfield code="e">For Circulation. 1 Copy Available in the Collection</subfield>
  </datafield>
  <datafield tag="700" ind1="1" ind2=" ">
    <subfield code="a">Crisanto, Joyce M.</subfield>
    <subfield code="q">(Joyce Marquez)</subfield>
  </datafield>
  <datafield tag="906" ind1=" " ind2=" ">
    <subfield code="a">7</subfield>
    <subfield code="b">par</subfield>
    <subfield code="c">origode</subfield>
    <subfield code="d">3</subfield>
    <subfield code="e">ncip</subfield>
    <subfield code="f">20</subfield>
    <subfield code="g">y-gencatlg</subfield>
  </datafield>
  <datafield tag="942" ind1=" " ind2=" ">
    <subfield code="2">lcc</subfield>
    <subfield code="c">BK</subfield>
    <subfield code="k">FIL</subfield>
  </datafield>
  <datafield tag="999" ind1=" " ind2=" ">
    <subfield code="c">17022</subfield>
    <subfield code="d">17022</subfield>
  </datafield>
  <datafield tag="952" ind1=" " ind2=" ">
    <subfield code="0">0</subfield>
    <subfield code="1">0</subfield>
    <subfield code="2">lcc</subfield>
    <subfield code="4">0</subfield>
    <subfield code="a">CL</subfield>
    <subfield code="b">CL</subfield>
    <subfield code="c">FIL</subfield>
    <subfield code="d">2013-04-27</subfield>
    <subfield code="l">0</subfield>
    <subfield code="o">JQ 1498 .C932 2007</subfield>
    <subfield code="p">c9478</subfield>
    <subfield code="r">2018-05-08 00:00:00</subfield>
    <subfield code="t">1</subfield>
    <subfield code="w">2013-11-14</subfield>
    <subfield code="y">BK</subfield>
  </datafield>
</record>
